Gender, drink and drugs

Αποθηκεύτηκε σε:
Λεπτομέρειες βιβλιογραφικής εγγραφής
Άλλοι συγγραφείς: McDonald, Maryon (Επιμελητής έκδοσης)
Μορφή: Βιβλίο
Γλώσσα:English
Δημοσίευση: Oxford : Berg, c1994
Σειρά:Cross-cultural perspectives on women ; ; 10
Θέματα:
Ετικέτες: Προσθήκη ετικέτας
Δεν υπάρχουν, Καταχωρήστε ετικέτα πρώτοι!

MARC

LEADER 00000nam a2200000 i 4500
001 1/10344
008 970528s1994 eng d
020 |a 0-85496-867-9 
035 |l 10017822 
040 |a GR-MY-UA  |b gre  |e aacr 
041 0 |a eng 
082 0 |a 362.2912082 
245 1 0 |a Gender, drink and drugs /  |c Maryon McDonald 
260 |a Oxford :   |b Berg,   |c c1994 
300 |a 271 p. 
490 1 |a Cross-cultural perspectives on women  |v ; 10 
504 |a Includes index 
650 0 0 |a Women  |x Alcohol use  |x Cross-cultural studies. 
650 0 0 |a Women  |x Drug use  |x Cross-cultural studies. 
650 0 0 |a Drinking of alcoholic beverages  |x Cross-cultural studies. 
650 0 0 |a Drug abuse  |x Cross-cultural studies. 
700 1 |a McDonald, Maryon.  |4 edt 
830 0 |a Cross-cultural perspectives on women ;  |v ; 10 
852 |a INST  |b LESVOS  |e 19970528  |h 362.2912082 GEN  |p 005100011156  |q 005100011156  |t BK  |y 0 
852 |a INST  |b LESVOS  |e 19991018  |h 362.2912082 GEN  |p 005100022880  |q 005100022880  |t BK  |y 0 
909 |a Λ  |b 049612 
909 |a Λ  |b 066719 
922 |a 1ΕΛΗ  |b 199907  |c ΚΠΣ/ΤΚ  |d ΠΑΠΑΣΩΤΗΡΙΟΥ 
950 |a 103-1998-07-27 
970 |a ΤΖΑΦΕΡΗ  |b ΕΥΑΓΓΕΛΙΑ  |z 1999/11/03